000150378 001__ 150378
000150378 005__ 20251017144637.0
000150378 0248_ $$2sideral$$a142530
000150378 037__ $$aART-1999-142530
000150378 041__ $$aspa
000150378 100__ $$0(orcid)0000-0003-3459-5965$$aPallarés Jiménez, Miguel Ángel
000150378 245__ $$aAportación documental para la historia de la música en Aragón en el último tercio del siglo XV: VI
000150378 260__ $$c1999
000150378 5060_ $$aAccess copy available to the general public$$fUnrestricted
000150378 540__ $$9info:eu-repo/semantics/openAccess$$aby-nc-nd$$uhttps://creativecommons.org/licenses/by-nc-nd/4.0/deed.es
000150378 655_4 $$ainfo:eu-repo/semantics/article$$vinfo:eu-repo/semantics/publishedVersion
000150378 773__ $$g15, 1-2 (1999), 419-514$$pNassarre$$tNassarre$$x0213-7305
000150378 8564_ $$s4894680$$uhttps://zaguan.unizar.es/record/150378/files/texto_completo.pdf$$yVersión publicada
000150378 8564_ $$s646554$$uhttps://zaguan.unizar.es/record/150378/files/texto_completo.jpg?subformat=icon$$xicon$$yVersión publicada
000150378 909CO $$ooai:zaguan.unizar.es:150378$$particulos$$pdriver
000150378 951__ $$a2025-10-17-14:29:43
000150378 980__ $$aARTICLE